| 000 | 00700nam a2200229 u 4500 | ||
|---|---|---|---|
| 005 | 20210223132559.0 | ||
| 008 | 150318s2007 r 000 0 eng d | ||
| 020 | _a970643951X (10 dígitos) | ||
| 020 | _a9789706439512 (13 dígitos) | ||
| 035 | _aUPN01000202545 | ||
| 049 | _aI | ||
| 050 | 4 |
_aS591.3 _bT3.9 |
|
| 100 | 1 |
_aTamayo Rodríguez, Rolando, _d1962- _936902 |
|
| 245 | 1 | 0 |
_aYum Kax, el sembrador : _becolecciones del suelo / _cRolando Tamayo. |
| 260 |
_aMéxico : _bSelector, _c2007. |
||
| 300 |
_a63 p. : _bil. |
||
| 440 | 0 | _aKaraköes | |
| 650 | 4 |
_aSUELOS - _vLITERATURA JUVENIL _922009 |
|
| 650 | 4 |
_aECOLOGIA - _vLITERATURA INFANTIL _923452 |
|
| 905 | _aInfantil | ||
| 999 |
_c174646 _d174646 |
||